I Mille Volti Di Barack Obama

Wedi'i Gadw mewn:
Manylion Llyfryddiaeth
Prif Awdur: Giuseppe De Bellis
Fformat: Llyfr
Iaith:anh
Cyhoeddwyd: Il Giornale
Tagiau: Ychwanegu Tag
Dim Tagiau, Byddwch y cyntaf i dagio'r cofnod hwn!

MARC

LEADER 00000nam a2200000Ia 4500
001 R-1114
003 CODICE-MESSINA
005 20260212102502.0
008 260211s9999 xx 000 0 und d
040 |c importazione_messina 
100 |a Giuseppe De Bellis 
245 0 |a I Mille Volti Di Barack Obama 
260 |b Il Giornale 
942 |2 ddc  |c BK 
952 |0 0  |1 0  |2 ddc  |4 0  |6 SCAFFALE_11_000000000000000__ROMANZI  |7 0  |9 31945  |a ME  |b ME  |d 2026-02-11  |l 0  |o SCAFFALE 11 - ROMANZI  |p R-1114  |r 2026-02-11 23:52:52  |w 2026-02-11  |x [REVISIONARE]  |y BK 
999 |c 27610  |d 27610